The Gospel in Exodus / (Record no. 6283)

MARC details
000 -LEADER
fixed length control field 00860cam a2200265 4500
001 - CONTROL NUMBER
control field 289321
003 - CONTROL NUMBER IDENTIFIER
control field GBCCL
005 - DATE AND TIME OF LATEST TRANSACTION
control field 20241126110559.0
008 - FIXED-LENGTH DATA ELEMENTS--GENERAL INFORMATION
fixed length control field 680301r19671855enk 000 0 eng
015 ## -
-- B67-21058
040 ## - CATALOGING SOURCE
Original cataloging agency DLC
Transcribing agency DLC
Modifying agency DLC
050 00 -
-- BS1245.2
-- .L3 1967
082 00 - DEWEY DECIMAL CLASSIFICATION NUMBER
Classification number 222.12
Item number LAW
100 1# - MAIN ENTRY--PERSONAL NAME
Personal name Law, Henry
Dates associated with a name 1797-1884.
9 (RLIN) 11255
240 10 -
-- Christ is all: the Gospel of the Old Testament.
-- V. 2
245 14 - TITLE STATEMENT
Title The Gospel in Exodus /
Statement of responsibility, etc. Henry Law
260 ## - PUBLICATION, DISTRIBUTION, ETC.
Place of publication, distribution, etc. London:
Name of publisher, distributor, etc. Banner of Truth Trust,
Date of publication, distribution, etc. 1967.
300 ## - PHYSICAL DESCRIPTION
Extent 158 p.
Dimensions 19 cm.
350 ## - PRICE (NR) (BK AM CF MU VM SE) [OBSOLETE]
Price 5/-
500 ## - GENERAL NOTE
General note Originally published as Christ is all: the Gospel of the Old Testament. Vol. 2. London, Hamilton, Adams, 1855.
630 00 - SUBJECT ADDED ENTRY--UNIFORM TITLE
Uniform title Bible.
Name of part/section of a work Exodus
General subdivision Theology.
9 (RLIN) 11256
650 ## - SUBJECT ADDED ENTRY--TOPICAL TERM
Topical term or geographic name entry element Bible
General subdivision Exodus
9 (RLIN) 11257
906 ## - LOCAL DATA ELEMENT F, LDF (RLIN)
a 7
b cbc
c orignew
d u
e ncip
f 19
g y-gencatlg
942 ## - ADDED ENTRY ELEMENTS (KOHA)
Source of classification or shelving scheme Dewey Decimal Classification
Koha item type Books
Koha issues (borrowed), all copies 1
Holdings
Withdrawn status Lost status Source of classification or shelving scheme Damaged status Not for loan Home library Current Library Shelving location Date acquired Total checkouts Total renewals Full call number Barcode Date last seen Date last checked out Copy number Price effective from Koha item type
    Dewey Decimal Classification     GRACE BIBLE COLLEGE GRACE BIBLE COLLEGE Biblical Studies 2018-05-08 3 1 222.12 LAW 001308 2025-12-10 2025-12-04 c.1 2018-05-08 Books
© Grace Bible College Library 2025